LEADER 00845nam0-22003131i-450- 001 990003089990403321 005 20050609083808.0 035 $a000308999 035 $aFED01000308999 035 $a(Aleph)000308999FED01 035 $a000308999 100 $a20030910d1975----km-y0itay50------ba 101 0 $aita 102 $aIT 200 1 $a<>gruppi di interesse$fGraham Wootton. 210 $aBologna$cIl Mulino$d\c\?. 215 $a203 p.$d21 cm 225 1 $a<>nuova scienza$iSerie di scienza politica 300 $a[Tit. orig.: Interest-Groups, 1970] 676 $a10520 676 $a19520 702 1$aWootton,$bGraham 801 0$aIT$bUNINA$gRICA$2UNIMARC 901 $aBK 912 $a990003089990403321 952 $a19520 WOO$b7041/I$fSES 959 $aSES 996 $aGruppi di interesse$9459450 997 $aUNINA LEADER 01099nam--2200373---450- 001 990003498650203316 005 20110217132856.0 035 $a000349865 035 $aUSA01000349865 035 $a(ALEPH)000349865USA01 035 $a000349865 100 $a20110217d1976----km-y0itay50------ba 101 $aita 102 $aIT 105 $a||||||||001yy 200 1 $aChe cos'e il materialismo?$fWerner Post, Alfred Schmidt$g[traduzione di Anna Solmi Marietti] 210 $aRoma [etc.]$cLaterza$d1976 215 $aVII, 91 p.$d18 cm 225 2 $aSaggi tascabili Laterza$v27 410 0$1001$12001$aSaggi tascabili Laterza$v27 454 1$12001$aWas ist Materialismus?$935658 606 0 $aMaterialismo 676 $a146.3 700 1$aPOST,$bWerner$0159638 701 1$aSCHMIDT,$bAlfred$0347247 702 1$aMARIETTI,$bAnna Maria 801 0$aIT$bsalbc$gISBD 912 $a990003498650203316 951 $aDSSP SANT 146.3 POS$bDSSP 959 $aBK 969 $aDSSP 979 $aDSSP1$b90$c20110217$lUSA01$h1328 996 $aWas ist Materialismus$935658 997 $aUNISA